000
00350nam a22001097a 4500
082
_a
891.433/AJA /N
100
_a
डॉ के सी अजयकुमार
_9
83803
245
_a
कालिदास
260
_a
भोपाल
_b
आईसेक्ट पब्लिकेशन
_c
2025
650
_a
उपन्यास
942
_c
HIN
999
_c
68790
_d
68790